书目信息 |
| 题名: |
警察院校体育基础教程
|
|
| 作者: | 薛凤清 | |
| 分册: | ||
| 出版信息: | 北京 中国人民公安大学出版社 2003 |
|
| 页数: | 287 | |
| 开本: | 20cm | |
| 丛书名: | ||
| 单 册: | ||
| 中图分类: | G87 | |
| 科图分类: | ||
| 主题词: | 体育运动 | |
| 电子资源: | ||
| ISBN: | 7-81087-261-3 | |
| 000 | 00534nam0 2200181 450 | |
| 001 | 0736480453 | |
| 005 | 20070817100800.46 | |
| 010 | @a7-81087-261-3@d¥20.00 | |
| 100 | @a20070817d km y0chiy0120 ea | |
| 101 | 0 | @achi |
| 200 | 1 | @a警察院校体育基础教程@Ajing cha yuan xiao ti yu ji chu jiao cheng@f薛凤清等@Fxue feng qing deng |
| 210 | @a北京@c中国人民公安大学出版社@d2003 | |
| 215 | @a287@d20cm | |
| 606 | 0 | @a体育运动 |
| 690 | @aG87@v3 | |
| 701 | 0 | @a薛凤清@Axue feng qing |
| 801 | 0 | @aCN@bPFT@c20070817 |
| 905 | @a213230@dG87@et1@f1 | |
| 警察院校体育基础教程/薛凤清等.-北京:中国人民公安大学出版社,2003 |
| 287;20cm |
| ISBN 7-81087-261-3:¥20.00 |
| ● |
| 相关链接 |
|
|
|
|
正题名:警察院校体育基础教程
索取号:G87/t1
 
预约/预借
| 序号 | 登录号 | 条形码 | 馆藏地/架位号 | 状态 | 备注 |
| 1 | 6902069 | 269020695 | 密集书库-体育系/ [索取号:G87/t1] | 在馆 |